000 00461nam a2200145Ia 4500
003 GCL
008 140319s9999 xx 000 0 ara d
040 _aGCL /
_cGCL
082 0 4 _a201.1
_bم ا
100 1 _aمحمد متولى الشعراوى
245 1 0 _aالادلة المادية على وجود الله /
_cمحمد متولى الشعراوى
260 _a[S.N] :
_bمكتبة التراث الاسلامى ،
_c1989
300 _a146 ص
490 _a
999 _c46748
_d46748